| 000 | 00367nam a22001457a 4500 | ||
|---|---|---|---|
| 003 | OSt | ||
| 005 | 20160727222409.0 | ||
| 008 | 160624b xxu||||| |||| 00| 0 eng d | ||
| 040 | _cTest | ||
| 100 |
_9935 _aLindgren, A |
||
| 245 | _aThe Children of Noisy Village | ||
| 260 |
_aN.Y _b Viking Penguin Inc. _c1961 |
||
| 300 | _aThe Children of Noisy Village | ||
| 942 |
_2ddc _cBK |
||
| 999 |
_c746 _d746 |
||